| 000 | 00692nam a2200229Ia 4500 | ||
|---|---|---|---|
| 001 | 16988 | ||
| 003 | GE_BSU | ||
| 008 | 181216s||||||||xx |||||||||||||| ||und|| | ||
| 040 | _cGE_BSU | ||
| 080 | _a821.353.1-1 | ||
| 100 | _aბეგაშვილი, ალექსანდრე | ||
| 245 | _aსახსოვარი | ||
| 245 | _bლექსები | ||
| 245 | _cრედ.დ.ივარდავა | ||
| 260 | _aთბილისი | ||
| 260 | _bსაბჭ. საქართველო | ||
| 260 | _c1973 | ||
| 300 | _a235გვ. ; 18სმ.. 1ფ.პორტრ. | ||
| 653 | _aლექსები | ||
| 653 | _aსახსოვარი | ||
| 942 | _cBK | ||
| 999 |
_c50050 _d50050 |
||